Malos pensamientos /

Detalles Bibliográficos
Autor principal: Valéry, Paul, 1871-1945 (Autor)
Otros Autores: Gianotti, Federico (Traductor)
Formato: Electrónico eBook
Lenguaje:español
francés
Publicado: Villa María, Córdoba, Argentina : Eduvim, 2019.
Colección:Eduvim literaturas.
Materias:
Acceso en línea:Digitalia Hispánica

MARC

LEADER 00000nam a2200000Ii 4500
001 DIGEDUV0305
003 NyNyDIG
006 m o d
007 cr |||||||||||
008 240901s2019 ag o 000 0 spa d
035 |a (OCoLC)1454785493 
040 |a DGITA  |b eng  |e rda  |e pn  |c DGITA 
020 |a 9789876996419  |q eBook 
020 |z 9789876996075 
041 1 |a spa  |h fre 
050 1 4 |a PQ2643.A26 ebook 
100 1 |a Valéry, Paul,  |d 1871-1945,  |e author. 
240 1 0 |a Mauvaises pensées et autres.  |l Spanish  |s (Gianotti) 
245 1 0 |a Malos pensamientos /  |c Paul Valéry ; traducción de Federico Gianotti. 
264 1 |a Villa María, Córdoba, Argentina :  |b Eduvim,  |c 2019. 
300 |a 1 online resource. 
336 |a text  |b txt  |2 rdacontent 
337 |a computer  |b c  |2 rdamedia 
338 |a online resource  |b cr  |2 rdacarrier 
347 |a text file  |2 rdaft 
347 |b EPUB 
490 1 |a Eduvim literaturas 
588 0 |a Online resource; title from ePub title page (Digitalia, viewed September 1, 2024) 
600 1 0 |a Valéry, Paul,  |d 1871-1945  |v Quotations, maxims, etc. 
700 1 |a Gianotti, Federico,  |e translator. 
700 1 |i Translation of:  |a Valéry, Paul,  |d 1871-1945.  |t Mauvaises pensées et autres. 
776 0 8 |i Print version:  |a Valéry, Paul, 1871-1945.  |s Mauvaises pensées et autres. Spanish (Gianotti).  |t Malos pensamientos.  |d Villa María, Córdoba, Argentina : Eduvim, 2019  |z 9789876996075 
791 2 |a Digitalia (Firm),  |e distributor. 
793 0 |g Digitalia eBook Collection:  |a Ediciones Eduvim 
830 0 |a Eduvim literaturas. 
856 4 0 |3 Digitalia Hispánica  |u https://www.digitaliapublishing.com/a/158318/ 
910 |a Premium collection: 2024